Možnosti využitia umelej inteligencie pri hodnotovo-orientovanej cenotvorbe

Jedným z moderných nástrojov na uľahčenie implementácie a zjednodušenie procesu je využitie umelej inteligencie, pretože v reálnom svete s obrovským množstvom položiek v portfóliu spoločnosti a neustálymi zmenami na trhu a v preferenciách zákazníkov poskytuje riešenie, ako predpovedať budúce ceny a...

Descrizione completa

Salvato in:
Dettagli Bibliografici
Autore principale: Žlebek, Roman, 1990-
Altri autori: Remeňová, Katarína, 1982-
Natura: Capitolo di libro
Lingua:slovacco
Soggetti:
Tags: Aggiungi Tag
Nessun Tag, puoi essere il primo ad aggiungerne!!

MARC

LEADER 00000naa a2200000 4500
001 0311677
005 20250728100653.5
041 0 |a slo 
044 |a SK 
245 1 0 |a Možnosti využitia umelej inteligencie pri hodnotovo-orientovanej cenotvorbe  |c Roman Žlebek, Katarína Remeňová 
520 |a Jedným z moderných nástrojov na uľahčenie implementácie a zjednodušenie procesu je využitie umelej inteligencie, pretože v reálnom svete s obrovským množstvom položiek v portfóliu spoločnosti a neustálymi zmenami na trhu a v preferenciách zákazníkov poskytuje riešenie, ako predpovedať budúce ceny a ako ich optimalizovať, a to aj s ohľadom na zložitosť aplikácie a implementácie cenotvorby na základe hodnoty. Z tohto dôvodu sme sa v tomto článku rozhodli zmapovať možnosti využitia umelej inteligencie na účely cenotvorby a zhodnotiť jej možné aplikácie týkajúce sa cenového manažmentu na základe hodnoty podľa najnovšieho výskumu v tejto oblasti. 
610 2 0 |a inteligencia umelá 
610 2 0 |a tvorba cien 
610 2 0 |a ceny 
610 2 0 |a hodnota 
610 2 0 |a manažment 
610 2 0 |a manažment hodnotový 
100 1 |a Žlebek, Roman, 1990- 
700 1 |a Remeňová, Katarína, 1982-